Statistics for Batman Villains

Click here to take the quiz!

General Stats

  • This quiz has been taken 1,326 times
    (1,265 since last reset)
  • The average score is 25 of 50

Answer Stats

DescriptionVillain% Correct
Homicidal maniac with a clown-like appearance.Joker
100%
Former district attorney who has been scarred with acid on half his face.Two-Face
97%
Nightclub owner and arms dealer who is often seen with an umbrella.Penguin
96%
Criminal mastermind who has a strange compulsion to leave clues in the form of riddles.Riddler
96%
Accomplished jewel thief who sometimes acts as an anti-hero.Catwoman
96%
Masked villain with immense strength from a drug called Venom.Bane
95%
Former biochemist who has the ability to control plant life.Poison Ivy
95%
Psychologist who specializes in the nature of fear.Scarecrow
93%
Psychiatrist at Arkham Asylum who later fell in love with Batman's archnemesis.Harley Quinn
91%
Cryogenic scientist who was accidentally drenched with freezing chemicals.Mr. Freeze
91%
Mind-controlling expert who is obsessed with Alice in Wonderland.Mad Hatter
87%
Expert sharpshooter who "never misses" his victimDeadshot
85%
Actor turned murderer who later gained shape-shifting powers.Clayface
82%
Doctor who accidentally turned into a bat after trying to fix his deafness.Man-Bat
80%
Has a medical condition that warped his body into a massive crocodile-like form.Killer Croc
79%
Centuries-old eco-terrorist who plans to save Earth by destroying most of its people.Ra's Al Ghul
78%
Pyromaniac with a fireproof suit and flamethrower.Firefly
74%
Commits crimes that correspond with holidays and significant dates.Calendar Man
70%
Gotham mercant who was murdered in a swamp and became a zombie.Solomon Grundy
69%
Psychiatrist who deduced Batman's identity and creates hypnotic drugs.Hugo Strange
69%
Brilliant surgeon who despises Bruce Wayne and cut off his own face.Hush
67%
Daughter of the Demon's Head who is also the mother of Damian Wayne.Talia Al Ghul
64%
Meta-human mercenary known to take on seemingly impossible jobs as a personal challenge.Deathstroke
58%
Serial killer who cuts a tally mark onto his body for each of his victims.Victor Zsasz
56%
Man who murdered his parents to inherit their fortune and seems to have a strange liking for masks.Black Mask
55%
Dangerous wooden crime boss accompanied by his puppeteer.Scarface & Ventriloquist
50%
Mask-wearing scientist with a pig obsession.... yes, he's a real villain.Professor Pyg
49%
Minor criminal who can fly and is attracted to light.Killer Moth
47%
Former history teacher who lost his mind and started committing crimes related to Greek mythology.Maxie Zeus
27%
Super-intelligent supervillain who was once a member of the Court of Owls.Owlman
27%
Pest control worker who has the ability to communicate with and train rats.Ratcatcher
27%
Teenage prodigy who creates various gadgets to subvert government.Anarky
25%
World-famous trapper of jungle cats who became bored and turned to a life of crime.Catman
24%
Ruthless Soviet assassin originally sent to kill Ronald Reagan.KGBeast
21%
Has claimed to be the daughter of numerous Batman villains, including his biggest one.Duela Dent
19%
Murderer who likes to make horrifying dolls from the skins of his victims.Dollmaker
19%
Assassin-for-hire and martial arts grandmaster who is the mother of one of the Batgirls.Lady Shiva
19%
Game show host who later became a criminal.Cluemaster
18%
Former chemist who experimented on himself and became a mindless brute.Blockbuster
10%
Psychopath that enjoys motorcycles, eating people's faces, and the color pink.Flamingo
10%
Computer genius who has helped hundreds of villains escape from prison.Calculator
10%
Former security guard who is obsessed with order and becomes a vigilante who brutalizes criminals.Lock-Up
8%
Doctor that suffered a nuclear accident and now takes the form of a burning skeleton.Dr. Phosphorus
7%
Regarded as the world's greatest assassin, managed to frame Bruce Wayne for murder.Cain
6%
Self-styled vigilante who kills people suspected of dealing drugs.Black Spider
5%
Professional thief with a swashbuckling sense of style.Cavalier
5%
Saw a burglar attack his parents as a kid, killed the man with a knife, and later took to a life of crime.Bronze Tiger
4%
Brilliant hypnotic scientist who trained three replacement Batmen to do his evil bidding.Dr. Hurt
4%
Former soldier and demolitions expert who loves to use explosive bombs.Firebug
3%
Holocaust survivor who killed his camp leader at a Halloween party.Reaper
3%

Score Distribution

Percentile by Number Answered

Percent of People with Each Score

Your Score History

You have not taken this quiz since the last reset